Breaking Barriers: (Record no. 24305)

MARC details
000 -LEADER
fixed length control field 00961nam a22002657a 4500
001 - CONTROL NUMBER
control field 24305
003 - CONTROL NUMBER IDENTIFIER
control field HDC
005 - DATE AND TIME OF LATEST TRANSACTION
control field 20240802092945.0
008 - FIXED-LENGTH DATA ELEMENTS--GENERAL INFORMATION
fixed length control field 240802b |||||||| |||| 00| 0 eng d
040 ## - CATALOGING SOURCE
Original cataloging agency HDC
Language of cataloging eng
050 ## - LIBRARY OF CONGRESS CALL NUMBER
Classification number JART 003708
100 ## - MAIN ENTRY--PERSONAL NAME
Personal name Shazrul Suhaimi,
Relator term author
245 ## - TITLE STATEMENT
Title Breaking Barriers:
Remainder of title Exploring the Landscape of Youth Entrepreneurship in Malaysia /
Statement of responsibility, etc. Shazrul Suhaimi
264 ## - PRODUCTION, PUBLICATION, DISTRIBUTION, MANUFACTURE, AND COPYRIGHT NOTICE
Place of production, publication, distribution, manufacture Kuala Lumpur:
Name of producer, publisher, distributor, manufacturer Khazanah Research Institute,
Date of production, publication, distribution, manufacture, or copyright notice 2023
300 ## - PHYSICAL DESCRIPTION
Extent 1 online resource, 11 pages
336 ## - CONTENT TYPE
Source rdacontent
Content type term text
Content type code txt
337 ## - MEDIA TYPE
Source rdamedia
Media type term unmediated
Media type code n
338 ## - CARRIER TYPE
Source rdacarrier
Carrier type term volume
Carrier type code nc
490 ## - SERIES STATEMENT
Volume/sequential designation 14/23
650 ## - SUBJECT ADDED ENTRY--TOPICAL TERM
Topical term or geographic name entry element Entrepreneurship
Geographic subdivision Malaysia
650 ## - SUBJECT ADDED ENTRY--TOPICAL TERM
Topical term or geographic name entry element Youth
General subdivision Employment
-- Malaysia
830 ## - SERIES ADDED ENTRY--UNIFORM TITLE
Uniform title VIEWS
856 ## - ELECTRONIC LOCATION AND ACCESS
Public note Request full-text at [email protected]
942 ## - ADDED ENTRY ELEMENTS (KOHA)
Source of classification or shelving scheme Library of Congress Classification
Koha item type Articles
Call number prefix JART 003708
Suppress in OPAC No
Holdings
Withdrawn status Lost status Source of classification or shelving scheme Damaged status Not for loan Collection Home library Current library Shelving location Date acquired Total checkouts Full call number Date last seen Price effective from Koha item type
    Library of Congress Classification     Non-fiction Halal Development Corporation Library Halal Development Corporation Library Open Shelves 02/08/2024   JART 003708 02/08/2024 02/08/2024 Articles
Halal Development Corporation Berhad (HDC)
5.02 Level 5, KPMG Tower, First Avenue, Persiaran Bandar Utama, 47800 Petaling Jaya, Selangor Darul Ehsan
Phone: +603 7965 5489 Email: [email protected]